| 000 | 00365pam a2200133 a 4500 | ||
|---|---|---|---|
| 020 | _c | ||
| 041 | _h | ||
| 082 |
_a743.84 _bDOP |
||
| 100 | _aGingko Press. | ||
| 245 |
_aSketch City Tips and Inspiration for Drawing on Location _hTextual Documents |
||
| 260 |
_aAmerica : _bGingo Press United States of America, _c2015. |
||
| 300 |
_a222: _bpaper. |
||
| 930 | _a8298 | ||
| 999 |
_c242088 _d242088 |
||